000 00965 a2200229 4500
003 NUST
005 20230602152036.0
010 _a 97069602
020 _a8175152206 (pbk.)
035 _a(OCoLC)39328435
040 _cNust
082 0 0 _a005.43,MEA
100 1 _aMeadhra, Michael.
_960337
245 1 0 _aLearn Windows 98 in a weekend /
_cMichael Meadhra, with Faithe Wempen.
260 _aRocklin, Calif. :
_bPrima Pub.,
_cc1998.
300 _axxi, 376 p. ;
_bill. ;
_c24 cm.
440 0 _aIn a weekend
_9112966
505 _aGetting To Know Windows 98 (Page-1), Installing And Using Applications (Page-53), Customizing Windows 98 (Page-105), Adding And Configuring Hardware (Page-145), Getting Connected To The Internet And Browsing The Web (Page-203), Reaching Out With Email And News (Page-259), Bringing The Web To Your Desktop (Page-317).
650 0 _aOperating systems (Computers)
700 1 _aWempen, Faithe.
_957908
942 _2ddc
_cBK
_k005.43,MEA
999 _c179665
_d179665